000 00401nam a2200133 a 4500
001 000030751
005 20200930062505.0
008 110527s19uu dr 000 0 spa d
040 _aDO-SdBNP
_bspa
_cBNPHU
245 0 0 _a¡Basta ya de violencia contra nosotras!
260 _a[Santo Domingo] :
_bCentro de Orientación e Investigación Integral,
_c[199?].
300 _a[9] p. ;
_c21 cm.
049 _aBNPD
999 _c30243
_d30243